01009nam a2200217 a 450000100060000000300090000600800410001504000280005608200160008410000410010024500760014125000080021726000440022550502230026959000580049265000270055065000340057794200120061199900170062395201510064022425CO-ViMGA141112s2004 ck r 000 u spa d aCO-ViMGAbspacCO-ViMGA04a136.1 C681m1 aCowan, Conell; Kinder, Melvin93177810aLas mujeres que los hombres aman, las mujeres que los hombres abandonan a334 aBuenos Aires : bJavier Vergara, c1988 a¿Por que el amor parece tan esquivo? 313 - - El temor inconsiente a la intimidad emocional 29 - - Como las expectativas inocentes se vuelven peligrosas 57 - - Las mujeres que, en el fondo desprecian a los hombres 79  aForma de adquisición : Donacion - - Precio : 10.00014aAMOR PSICOLOGIA92819114aPSICOLOGIA DE LA MUJER912476 2ddccBK c30731d30731 01102ddc40708003aMEVIECARbMEVIECARd2015-12-04hVolumen. 1 | 11/jun/2009l0o136.1 C681m p22425r2015-12-04 00:00:00tEj. 1w2015-12-04yBK